| 000 | 01056nam a2200265 a 4500 | ||
|---|---|---|---|
| 001 | BRCA_3831 | ||
| 005 | 20190320204435.0 | ||
| 008 | 011209s2008----mx-a######---#000-0#spa-u | ||
| 020 | _a9789689332022 | ||
| 041 | _aspa | ||
| 044 | _amx | ||
| 050 | 4 |
_aF1231.Y8 _b.T67 2008 |
|
| 100 | 1 |
_aTorales Pacheco, María Cristina _99487 |
|
| 245 | 1 | 0 |
_aExpresiones de la ilustración en Yucatán _cMaría Cristina Torales Pacheco ; textos de Agustín Pablo de Castro, Policarpo A. Echanove y José María de Lanz ; colaboración de Ana Guillermina Gómez Murillo ; prólogo José Ignacio Tellechea Idígoras. |
| 260 |
_aMéxico _bFundación E. Arocena _c2008 |
||
| 300 |
_a206 p. _bil. (algunas a color) _c24 cm. |
||
| 504 | _aBibliografía: p. 203-206 | ||
| 650 | 1 | 4 |
_aIlustración _xHistoria _yYucatán _zMéxico _99974 |
| 651 | 4 |
_aYucatán _xHistoria _99975 |
|
| 700 | 1 |
_aCastro, Agustín Pablo de _99976 |
|
| 700 | 1 |
_aEchanove, Policarpo A. _99977 |
|
| 700 | 1 |
_aLanz, José María de _99978 |
|
| 700 | 1 |
_aGómez Murillo, Ana Guillermina _99979 |
|
| 942 |
_2lcc _cB |
||
| 999 |
_c3559 _d3559 |
||